Statistics for Штаты США

Click here to take the quiz!

General Stats

  • This quiz has been taken 46 339 times
  • The average score is 23 of 50

Answers on the Map

Answers color-coded by a green-red scale on the quiz's map according to % correct below.
 

Answer Stats

Штат% Correct
Аляска
88%
Техас
87%
Калифорния
86%
Вашингтон
85%
Нью-Йорк
82%
Флорида
71%
Гавайи
66%
Огайо
62%
Аризона
57%
Нью-Мексико
55%
Северная Каролина
54%
Алабама
52%
Южная Каролина
52%
Невада
52%
Северная Дакота
51%
Южная Дакота
50%
Колорадо
49%
Мичиган
48%
Юта
48%
Нью-Джерси
47%
Мэн
47%
Миссисипи
46%
Виргиния
46%
Канзас
44%
Арканзас
44%
Орегон
42%
Джорджия
42%
Айдахо
41%
Пенсильвания
41%
Миссури
40%
Оклахома
39%
Луизиана
39%
Небраска
39%
Монтана
39%
Айова
39%
Иллинойс
37%
Кентукки
37%
Вайоминг
36%
Индиана
35%
Массачусетс
35%
Миннесота
35%
Теннесси
34%
Западная Виргиния
32%
Висконсин
29%
Мэриленд
29%
Нью-Гэмпшир
28%
Коннектикут
28%
Вермонт
27%
Род-Айленд
27%
Делавэр
26%

Score Distribution

Percentile by Number Answered

Percent of People with Each Score

Your Score History

You have not taken this quiz